A visitation of tender love (once more) from the Lord unto Charles the II, King of England, Scotland and Ireland.

Bibliographic Details
Main Author: Rigge, Ambrose, 1635?-1705
Other Authors: Coale, Josiah, 1632?-1668
Format: Microform Book
Language:English
Published: [Place of publication not identified] : [publisher not identified], [1662]
Series:Early English books, 1641-1700 ; 576:13.
Early English books, 1641-1700 ; 694:20.
Subjects:

MARC

Tag First Indicator Second Indicator Subfields
LEADER 00000cam a2200000 a 4500
001 in00000954521
005 20150927074839.0
007 hd afv|||baca
008 850520s1662 miu a 00000 eng d
035 |a (OCoLC)12059065 
035 |9 AEV4938AM 
037 |a CL0037000016  |b UMI 
037 |a CL0037000020  |b UMI 
037 |b University Microfilms International, 300 N. Zeeb Rd., Ann Arbor, MI 48106 
040 |a EAA  |c EAA  |d m/c  |d UtOrBLW 
043 |a e-uk-en 
049 |a TXAI 
099 |a film   |a  B   |a  3609 
100 1 |a Rigge, Ambrose,  |d 1635?-1705. 
245 1 2 |a A visitation of tender love (once more) from the Lord unto Charles the II, King of England, Scotland and Ireland. 
264 1 |a [Place of publication not identified] :  |b [publisher not identified],  |c [1662] 
300 |a 8 pages 
336 |a text  |b txt  |2 rdacontent 
337 |a microform  |b h  |2 rdamedia 
338 |a microfilm reel  |b hd  |2 rdacarrier 
500 |a Caption title. 
500 |a Attributed to Ambrose Rigge. Cf. NUC pre-1956. 
500 |a Two papers: the 1st is signed & dated (page 4): "This was written the 2d. of the 7th. Mo.--62. A.K." [i.e. A.R. Ambrose Rigge]. The 2d signed & dated at end: "Writen [sic] in New-England, this 25th of the 3d month, 1662. ... Josiah Coale." 
500 |a Reproduction of original in Huntington Library. 
510 4 |a Wing  |c R1500 
510 4 |a Wing  |c K1 
510 4 |a Smith, J. Friends' books  |c II 490 
533 |a Microfilm.  |b Ann Arbor, Mich. :  |c University Microfilms,  |d 1975.  |e 1 microfilm reel. 35 mm.  |f (Early English books, 1641-1700; 576:13 and 694:20) 
500 |a Microform. 
600 0 0 |a Charles  |b II,  |c King of England,  |d 1630-1685. 
700 1 |a Coale, Josiah,  |d 1632?-1668. 
830 0 |a Early English books, 1641-1700 ;  |v 576:13. 
830 0 |a Early English books, 1641-1700 ;  |v 694:20. 
999 |a MARS 
999 f f |s 427e9c6a-0430-3006-9bcd-70b50c058800  |i e26375a1-583e-3fbf-b3dd-4af60beb8000  |t 0 
952 f f |p default  |a Texas A&M University  |b College Station  |c Sterling C. Evans Library  |d Evans: Microforms (3rd floor)  |t 0  |e film B 3609 576:13  |h Other scheme  |i microform -- microfilm reel 
952 f f |p default  |a Texas A&M University  |b College Station  |c Sterling C. Evans Library  |d Evans: Microforms (3rd floor)  |t 0  |e film B 3609 694:20  |h Other scheme  |i microform -- microfilm reel 
998 f f |a film B 3609 576:13  |t 0  |l Evans: Microforms (3rd floor) 
998 f f |a film B 3609 694:20  |t 0  |l Evans: Microforms (3rd floor)